000 00719nam a2200193 a 4500
001 000032831
005 20240409073643.0
008 110727s1934 dr r 000 0 spa d
040 _aDO-SdBNP
_bspa
_cBNPHU
082 _a972.93053
_bH557c
100 1 _aHernández Franco, T.
_958630
245 1 3 _aEl cuarto año de gobierno del presidente Trujillo ;
_bagoso, 1933-agosto, 1934 /
_cT. Hernández Franco.
260 _a[s.l.] :
_b[s.n.],
_c1934.
300 _a59 p. ;
_c16 cm.
590 _aInventariado, 2018/ YL
600 1 0 _aTrujillo Molina, Rafael Leónidas,
_d 1891-1961
_976764
651 4 _aRepública Dominicana
_xPolítica Y Gobierno
_yERA DE TRUJILLO, 1930-1961
_91374
910 _aValidado. Control de calidad EMS
999 _c32322
_d32322